000 00298nam a2200133Ia 4500
100 _aEdward Jones
942 _cBK
654 _aFox pro for 2.5. for dos
245 _aFox Pro 2.5 for Dos made easy
260 _bOsborne
_aNew York
_c1993
082 _a5.756511
546 _aENGLISH
999 _c21471
_d21471